000 00574nam a2200229Ia 4500
003 OSt
005 20221005120933.0
006 a|||||r|||| 00| 0
007 ta
008 221004b |||||||| |||| 00| 0 eng d
024 _a66426
037 _cTextual
040 _aCRL
_cCRL
_beng
041 _2eng
_aeng
082 _aV73:28xN00x, K9
100 _aKeatings Kenneth B.
_9629844
245 0 _aFrom the ambassador
260 _c1969
650 _aHISTORY
942 _hV73:28xN00x, K9
_cTEXL
_2cc
999 _c1039605
_d1039605